CGT and the private residence (Record no. 106853)

MARC details
000 -LEADER
fixed length control field 01152cam a22002775a 4500
001 - CONTROL NUMBER
control field L137632
008 - FIXED-LENGTH DATA ELEMENTS--GENERAL INFORMATION
fixed length control field 070420s2006 xxk f 001 0 eng d
020 ## - INTERNATIONAL STANDARD BOOK NUMBER
International Standard Book Number 1841408409
035 ## - SYSTEM CONTROL NUMBER
System control number (Sirsi) u137632
041 0# - LANGUAGE CODE
Language code of text/sound track or separate title eng
050 04 - LIBRARY OF CONGRESS CALL NUMBER
Classification number 336.2424 $2 18
100 1# - MAIN ENTRY--PERSONAL NAME
Personal name Williams, David E.
245 00 - TITLE STATEMENT
Title CGT and the private residence
250 ## - EDITION STATEMENT
Edition statement 4th ed.
260 ## - PUBLICATION, DISTRIBUTION, ETC.
Place of publication, distribution, etc. London
Name of publisher, distributor, etc. CCH
Date of publication, distribution, etc. 2006
300 ## - PHYSICAL DESCRIPTION
Extent xvi, 237p.
Dimensions 24cm.
350 ## - PRICE (NR) (BK AM CF MU VM SE) [OBSOLETE]
Price 67.95
520 ## - SUMMARY, ETC.
Summary, etc. Provides information aimed at accountants, solicitors, agents, banks and building societies and insurance executives who advise clients on residential property transactions. Applies recent case law and legislation. Deals with second homes, properties outside the UK, and letting to residential tenants. Addresses issues such as CGT relief, divorces and part-selling of gardens while remaining in possession of the house.
650 24 - SUBJECT ADDED ENTRY--TOPICAL TERM
Topical term or geographic name entry element FINANCE ACT 1965
650 24 - SUBJECT ADDED ENTRY--TOPICAL TERM
Topical term or geographic name entry element FINANCE ACT 2006
651 #4 - SUBJECT ADDED ENTRY--GEOGRAPHIC NAME
Geographic name England and Wales
Chronological subdivision 1543-
690 ## - LOCAL SUBJECT ADDED ENTRY--TOPICAL TERM (OCLC, RLIN)
Topical term or geographic name as entry element PROPERTY-RESIDENTIAL PROPERTY-ACQUISITION AND DISPOSAL OF RESIDENTIAL PROPERTY
710 1# - ADDED ENTRY--CORPORATE NAME
Corporate name or jurisdiction name as entry element Smith and Williamson
9 (RLIN) 579
942 ## - ADDED ENTRY ELEMENTS (KOHA)
Suppress in OPAC 0
Holdings
Withdrawn status Lost status Source of classification or shelving scheme Damaged status Not for loan Home library Current library Shelving location Date acquired Cost, normal purchase price Total Checkouts Full call number Barcode Date last seen Date last checked out Copy number Cost, replacement price Price effective from Koha item type
    Dewey Decimal Classification     London London Books 29/05/2007 57.76 2 336.2424 WIL 30073918 06/08/2019 07/08/2007 1 57.76 06/08/2019 Book